Vplyv inflácie na modelovanie prepínania režimov výnosov
Využitie Markovovho modelu prepínania režimov pre rozdelenie období na býčí a medvedí trh. Táto informácia sa dá využiť pre stanovenie stratégie investora, ktorý vie predpokladať krízy.
Uložené v:
| Hlavný autor: | |
|---|---|
| Ďalší autori: | |
| Médium: | Kapitola |
| Jazyk: | Slovak |
| Predmet: | |
| Tagy: |
Žiadne tagy, Buďte prvý, kto otaguje tento záznam!
|
MARC
| LEADER | 00000naa$a2200000$$$4500 | ||
|---|---|---|---|
| 001 | 0289221 | ||
| 005 | 20240502074429.8 | ||
| 041 | 0 | |a slo | |
| 044 | |a SK | ||
| 245 | 1 | 0 | |a Vplyv inflácie na modelovanie prepínania režimov výnosov |c Marian Reiff, Juraj Pekár |
| 520 | |a Využitie Markovovho modelu prepínania režimov pre rozdelenie období na býčí a medvedí trh. Táto informácia sa dá využiť pre stanovenie stratégie investora, ktorý vie predpokladať krízy. | ||
| 610 | 2 | 0 | |a trh |
| 610 | 2 | 0 | |a modely |
| 610 | 2 | 0 | |a stratégia investičná |
| 610 | 2 | 0 | |a trh finančný |
| 610 | 2 | 0 | |a investori |
| 100 | 1 | |a Reiff, Marian, 1978- | |
| 700 | 1 | |a Pekár, Juraj, 1972- | |